| 000 | 00641nam a2200205 u 4500 | ||
|---|---|---|---|
| 005 | 20251205063958.0 | ||
| 008 | 120806s2010 r 000 0 eng d | ||
| 020 | _a9788436823523 | ||
| 035 | _aUPN01000185844 | ||
| 049 | _aCG | ||
| 050 | 4 |
_aRC552 E1.8 _bC3.7 |
|
| 100 | 1 |
_aCalado Otero, María, _d1975- _934410 |
|
| 245 | 1 | 0 |
_aTrastornos alimentarios : _bguías de psicoeducación y autoayuda / _cMaría Calado Otero. |
| 260 |
_aMadrid : _bPirámide, _cc2010. |
||
| 300 |
_a183 p. : _bil. |
||
| 440 | 0 |
_aPsicología. _pManuales prácticos |
|
| 650 | 2 |
_aTrastornos de la conducta alimenticia _9383 |
|
| 905 | _aLibro | ||
| 999 |
_c157947 _d157947 |
||